Central Library OPAC University of Rajshahi

Food and poverty : (Record no. 52138)

MARC details
000 -LEADER
fixed length control field 00857pam a2200277 a 4500
001 - CONTROL NUMBER
control field 52138
003 - CONTROL NUMBER IDENTIFIER
rucl marc code BD-RjUL
005 - DATE AND TIME OF LATEST TRANSACTION
control field 20211209075747.0
008 - FIXED-LENGTH DATA ELEMENTS--GENERAL INFORMATION
fixed length control field 16090 s1988 ii b 000 0 eng
020 ## - INTERNATIONAL STANDARD BOOK NUMBER
International Standard Book Number 0803995407
International Standard Book Number 0803995415
035 ## - SYSTEM CONTROL NUMBER
System control number (BD-RjUL)52258
040 ## - CATALOGING SOURCE
Original cataloging agency DLC
Transcribing agency DLC
Modifying agency DLC
-- BD-RjUL
Language of cataloging eng
041 ## - LANGUAGE CODE
Language code of text/sound track or separate title eng
082 00 - DEWEY DECIMAL CLASSIFICATION NUMBER
Edition number 123
Classification number 338.10954
Author mark and year ETF 1988
100 1# - MAIN ENTRY--PERSONAL NAME
Personal name Etienne, Gilbert
9 (RLIN) 155946
245 10 - TITLE STATEMENT
Title Food and poverty :
Remainder of title India's half won battle /
Statement of responsibility, etc. Gilbert ร‰tienne
260 ## - PUBLICATION, DISTRIBUTION, ETC. (IMPRINT)
Place of publication, distribution, etc. New Delhi ;
-- Newbury Park, Calif. :
Name of publisher, distributor, etc. Sage Publications,
Date of publication, distribution, etc. 1988
300 ## - PHYSICAL DESCRIPTION
Pagination 272 p. ;
Size 23 cm.
504 ## - BIBLIOGRAPHY, ETC. NOTE
Bibliography, etc Includes Bibliography
650 #0 - SUBJECT ADDED ENTRY--TOPICAL TERM
Topical term or geographic name as entry element Rural poor
Geographic subdivision India.
9 (RLIN) 155947
Topical term or geographic name as entry element Food supply
Geographic subdivision India.
9 (RLIN) 155948
Topical term or geographic name as entry element Agriculture
General subdivision Economic aspects
Geographic subdivision India.
9 (RLIN) 155949
651 #0 - SUBJECT ADDED ENTRY--GEOGRAPHIC NAME
Geographic name India
General subdivision Rural conditions.
9 (RLIN) 144219
942 ## - ADDED ENTRY ELEMENTS (KOHA)
Source of classification or shelving scheme Dewey Decimal Classification
Koha item type Books
Holdings
Lost status Source of classification or shelving scheme Damaged status Not for loan Collection code Permanent Location Current Location Shelving location Date acquired Source of acquisition Cost, normal purchase price Total Checkouts Full call number Date last seen Copy number Koha item type
  Dewey Decimal Classification     Non-fiction Central Library, University of Rajshahi Central Library, University of Rajshahi   08/07/1997 Ahsania mission, Dhaka 295.00   338.10954 ETF 1988 06/09/2016 C-2 Books
  Dewey Decimal Classification   Not For Loan Non-fiction Central Library, University of Rajshahi Central Library, University of Rajshahi Reading Room 31/03/1996 ulterbarg raj 245.00   338.10954 ETF 1988 24/12/2016 C-1 Books